| 000 | 01242nam a2200253Ia 4500 | ||
|---|---|---|---|
| 999 |
_c55165 _d55165 |
||
| 001 | 22240 | ||
| 003 | GE_BSU | ||
| 005 | 20230124162315.0 | ||
| 008 | 181216s2016||||ge |||||||||||||| ||geo|| | ||
| 020 | _aISSN 1987-6572 | ||
| 040 | _cGE_BSU | ||
| 041 | _dgeo | ||
| 080 | _a81'(063) ი-31 | ||
| 245 |
_aიბერიულ-კავკასიური ენათმეცნიერება XLIV 44 / _cსარედ. კოლ. : ა. არაბული, მ. ბერიძე და სხვ. ; მთ. რედ. ვაჟა შენგელია. |
||
| 264 |
_aთბილისი : _bთბილ. უნ-ტის გამ-ბა, _c2016. |
||
| 300 |
_a369 გვ. ; _c24 სმ. |
||
| 500 | _aპარალელური თავფურცელი ინგლისურ და რუსულ ენებზე | ||
| 541 | _h12ლ. 80თ. | ||
| 653 | _aენათმეცნიერება | ||
| 653 | _aიბერიულ-კავკასიური ენათმეცნიერება XLIV 44 | ||
| 653 | _aქართული ენა | ||
| 700 |
_aშენგელია, ვაჟა _eმთავარი რედაქტორი _92368 |
||
| 942 |
_cBK _2udc |
||